Zendülés Zemplénben
Správa o nepokojoch v Snine, kde sedliaci nechcú dovoliť výstavbu priemyselnej železnice grófa Otta Degenfelda, lebo koľaje vedú cez ich pozemky. Polícia vyvrátila správu o strieľaní do sedliakov.
| Médium: | Článok |
|---|---|
| Jazyk: | Hungarian |
| Témy: | |
| Zdroj: |
1. Felsőmagzarország 1. Roč. 28, č. 99 (28.04.1912) s. 5 |
| LEADER | 00936nab#a2200301#ar4500 | ||
|---|---|---|---|
| 001 | 000076989 | ||
| 003 | SVKKK | ||
| 005 | 20060717xxxxxxx. | ||
| 008 | 06 c xo huno | ||
| FMT | |||
| 038 | |a SVKKK | ||
| 040 | |a SVKKK |b slo |e AACR2 | ||
| 041 | 0 | |a hun | |
| 044 | |a xo |c SK | ||
| 080 | |a 323 | ||
| 080 | |a 656.3 | ||
| 242 | 1 | 0 | |a Nepokoje v Zemplíne |
| 245 | 0 | 0 | |a Zendülés Zemplénben |
| 520 | 2 | |a Správa o nepokojoch v Snine, kde sedliaci nechcú dovoliť výstavbu priemyselnej železnice grófa Otta Degenfelda, lebo koľaje vedú cez ich pozemky. Polícia vyvrátila správu o strieľaní do sedliakov. | |
| 650 | 0 | 4 | |a nepokoje sedliacke - železnica priemyselná - výstavba bránená - Snina - rok 1912 - správy |
| 773 | 0 | |t Felsőmagzarország |g Roč. 28, č. 99 (28.04.1912) s. 5 | |
| 957 | |a Snina | ||
| 958 | |a DG | ||
| 958 | |a SK | ||
| 974 | |a Ba |d 20060717 | ||
| 992 | |a RBX | ||
| BAS | |||
| 998 | |a RETRO | ||